00951nam a2200217 a 4500001001000000003000500010005001700015008004100032010001100073011001100084040000900095100003700104245020400141260004100345500006000386502010900446650003000555650003600585650004200621856007000663000115255CHAP20220329144526.0190122s2018 mx sm |||||||spa d a111716 a112688 cCHAP00aSánchez Cabrera, Eybar Rafael.13aLa educación agrícola, producción agrícola y la organización para el trabajo en tres Escuelas Secundarias Técnicas del Estado de Hidalgoh[En línea]cpor Eybar Rafael Sánchez Cabrera. aChapingo, Méx. :bEl autor,c2018. aPara ver el contenido del material haga clic en la liga aTesis (Ph.D. en Ciencias en Educación Agrícola Superior) -- UACH. Departamento de Sociología Rural14aCooperativas agrícolas.14aEducación agrícolaxCostos.14aEducación agrícolaxEvaluación. aFinding aiduhttp://10.13.5.2/tesis/sist115255.pdfzTeclea aquí